Every Track Ever Used in Formula One by Map - Statistics

General Stats
  • This quiz has been taken 150 times
    55 since last reset
  • The average score is 32 of 78
Answer Stats
Picture Answer % Correct
Autodromo José Carlos Pace
90%
Autodromo Nazionale di Monza
90%
Circuit de Barcelona-Catalunya
85%
Circuit de Monaco
85%
Circuit de Spa-Francorchamps
85%
Bahrain International Circuit
81%
Baku City Circuit
81%
Autodromo Enzo e Dino Ferrari
79%
Las Vegas Street Circuit
77%
Autodromo Hermanos Rodriguez
75%
Jeddah Corniche Circuit
75%
Marina Bay Street Circuit
75%
Albert Park Circuit
73%
Circuit of the Americas
73%
Silverstone Circuit
73%
Suzuka International Racing Course
73%
Red Bull Ring
71%
Shanghai International Circuit
67%
Hungaroring
65%
Losail International Circuit
65%
Yas Marina Circuit
63%
Circuit Gilles-Villeneuve
60%
Circuit Zandvoort
58%
Adelaide Street Circuit
56%
Miami International Autodrome
56%
Nürburgring
56%
Sochi Autodrom
56%
Circuit Paul Ricard
52%
Hockenheimring
50%
Brands Hatch Circuit
48%
Long Beach Street Circuit
48%
Sepang International Circuit
48%
Autodromo Internazionale del Mugello
46%
AVUS
46%
Caesars Palace Grand Prix Circuit
42%
Algarve International Circuit
40%
Buddh International Circuit
40%
Indianapolis Motor Speedway
38%
Ain-Diab Circuit
35%
Korea International Circuit
35%
Autódromo do Estoril
33%
Circuito Permanente de Jerez
31%
Intercity Istanbul Park
31%
Pescara Circuit
31%
Valencia Street Circuit
31%
Fuji Speedway
29%
Bugatti Au Mans
25%
Detroit Street Circuit
25%
Donington Park
25%
Aintree Motor Racing Circuit
23%
Madring
23%
Watkins Glen International
23%
Phoenix Street Circuit
21%
Autódromo Juan y Oscar Gálvez
19%
Circuit Zolder
17%
Kyalami Grand Prix Circuit
17%
Montjuic Circuit
17%
Sebring Raceway
17%
Autodromo Internacional do Rio de Janeiro
15%
Circuit de Nevers Magny-Cours
15%
Circuito Permanente del Jarama
15%
Charade Circuit
13%
Circuit Dijon-Prenois
13%
Circuito de Boavista
13%
Scandinavian Raceway
13%
TI Circuit Aida
13%
Circuito de Monsanto
10%
Dallas Fair Park
10%
Mosport International Raceway
10%
Zeltweg Airfield
10%
Circuit Bremgarten
8%
Circuit de Pedrables
8%
Circuit de Reims-Gueux
8%
Complexe Européen de Nivelles-Baulers
8%
Circuit Mont-Tremblant
6%
Prince George Circuit
6%
Riverside International Raceway
6%
Rouen-Les-Essarts
6%
No matching quizzes found
Score Distribution
Percent of People with Each Score
Percentile by Number Answered
Your Score History
You have not taken this quiz since the last reset